| 000 | 01023nam a2200265 4500 | ||
|---|---|---|---|
| 001 | 0000020361 | ||
| 003 | CO-CtgCURN | ||
| 005 | 20250828213533.0 | ||
| 008 | 160627s2001 000 0 eng d | ||
| 020 | _a9583330019 | ||
| 040 |
_aCO-CtgCURN _bspa _ccoctgcurn |
||
| 082 | 0 |
_a744.42 _bP41 |
|
| 245 | 1 | 3 | _aLa perspectiva como expresion en el dibujo. |
| 260 |
_aBarranquilla : _bAzul Caribe Ltda, _c2001. |
||
| 300 | _a133 p. | ||
| 336 | _2rdacontent | ||
| 337 |
_2rdamedia _asin mediacion _bn |
||
| 338 |
_2rdacarrier _avolumen _bnc |
||
| 500 | _aIncluye indice. | ||
| 505 | 8 | _aPerspectiva.--La perspectiva aplidad en el diseƱo de interiores.--Elementos fundamentales de la perspectiva.--Ubicacion de un objeto a partir de las diferentes perspectivas.--Niveles y escaleras.--Reflejos y arcos.--Perspectivas exteriores | |
| 650 | 0 | _aDiagnostico por medio del dibujo infantil. | |
| 908 | _a160627 | ||
| 942 |
_cBK _h744.42 _iP41 _2ddc |
||
| 999 |
_c49892 _d49892 _x1 |
||